000 01196nam a22001697a 4500
005 20211201114623.0
008 211201b2021 my ||||| |||| 00| 0 my d
020 _cSumbangan JKDM
040 _aAKMAL
082 _a343.5950552 MAL
090 _a343.5950552
_bMAL
100 _aJabatan Kastam Diraja Malaysia
_99331
245 _aUndang-Undang Malaysia : Perintah Cukai Jualan (Orang Yang Dikecualikan Daripada Pembayaran Cukai) 2018 [P.U.(A) 210/2018], Perintah Cukai Jualan (Orang Yang Dikecualikan Daripada Pembayaran Cukai) (Pindaan) 2018 [P.U.(A) 239/2018], Perintah Cukai Jualan (Orang Yang Dikecualikan Daripada Pembayaran Cukai) (Pindaan) (No.2) 2018 [P.U.(A) 403/2018], Perintah Cukai Jualan (Orang Yang Dikecualikan Daripada Pembayaran Cukai) (Pindaan) 2019 [P.U.(A) 93/2019], Perintah Cukai Jualan (Kadar Cukai) 2018 [P.U.(A) 221/2018], Perintah Cukai Jualan (Kadar Cukai) (Pindaan) 2018 [P.U.(A) 233/2018], Perintah Cukai Jualan (Kadar Cukai) (Pindaan) (No.2) 2018 [P.U.(A) 254/2018] & Perintah Cukai Jualan (Kadar Cukai) (Pindaan) (No.3) 2018 [P.U.(A) 400/2018]
_cJKDM
264 _aKuala Lumpur
_bPercetakan Nasional Malaysia Berhad
_c2021
300 _a400
_c25cm
942 _2ddc
_cLAW
999 _c4913
_d4913